PHARMACUETICAL DOSAGE FROM : TABLETS UNIT OPERATIONS AND MECHANICAL PROPERTIES VOL -1 (Record no. 8216)

MARC details
000 -LEADER
fixed length control field 00537nam a22001817a 4500
005 - DATE AND TIME OF LATEST TRANSACTION
control field 20230401162514.0
008 - FIXED-LENGTH DATA ELEMENTS--GENERAL INFORMATION
fixed length control field 230125b |||||||| |||| 00| 0 eng d
020 ## - INTERNATIONAL STANDARD BOOK NUMBER
ISBN 978-084939014-2
041 ## - LANGUAGE CODE
Language code of text/sound track or separate title eng
082 ## - DEWEY DECIMAL CLASSIFICATION NUMBER
Classification number 615.1 AUG- P
100 ## - MAIN ENTRY--AUTHOR NAME
Personal name AUGSBURGER, LARRY L. AND HOAG , STEPHEN W
245 ## - TITLE STATEMENT
Title PHARMACUETICAL DOSAGE FROM : TABLETS UNIT OPERATIONS AND MECHANICAL PROPERTIES VOL -1
250 ## - EDITION STATEMENT
Edition statement 3rd ed.
260 ## - PUBLICATION, DISTRIBUTION, ETC. (IMPRINT)
Name of publisher INFORMA HEALTHCARE
300 ## - PHYSICAL DESCRIPTION
Number of Pages 639;P.
650 ## - SUBJECT ADDED ENTRY--TOPICAL TERM
Topical Term PHARMACY
General subdivision B.PHARMA
942 ## - ADDED ENTRY ELEMENTS (KOHA)
Koha item type Books
Holdings
Lost status Damaged status Collection code Home library Current library Shelving location Date acquired Source of acquisition Full call number Accession Number Koha item type Cost, normal purchase price
    PHARMACY JRU Library JRU Library SHELF-19-F 21/01/2023 LOHIA BOOK INTERNATIONAL 615.1 AUG- P 27415 Books  
    PHARMACY JRU Library JRU Library SHELF-19-F 27/03/2023 LOHIA BOOK INTERNATIONAL 615.1 AUG- P 27665 Books 42712.00